Countries by traditional dress/clothing - Statistics

General Stats
  • This quiz has been taken 189 times
  • The average score is 8 of 12
Answer Stats
Picture Answer % Correct
India
98%
Japan
97%
Mexico
86%
Germany
82%
Spain
82%
Kenya
66%
Ireland
54%
Mongolia
50%
Greece
49%
Iran
48%
Ukraine
40%
Norway
33%
No matching quizzes found
Score Distribution
Percent of People with Each Score
Percentile by Number Answered
Your Score History
You have not taken this quiz